<?xml version="1.0" encoding="UTF-8"?>
<record
    xmlns:xsi="http://www.w3.org/2001/XMLSchema-instance"
    xsi:schemaLocation="http://www.loc.gov/MARC21/slim http://www.loc.gov/standards/marcxml/schema/MARC21slim.xsd"
    xmlns="http://www.loc.gov/MARC21/slim">

  <leader>01184nam a22002657a 4500</leader>
  <controlfield tag="005">20180210112440.0</controlfield>
  <controlfield tag="008">131126b        xxu||||| |||| 00| 0 eng d</controlfield>
  <datafield tag="010" ind1=" " ind2=" ">
    <subfield code="a">PUN-7720     B-577635-638     B-669930</subfield>
  </datafield>
  <datafield tag="020" ind1=" " ind2=" ">
    <subfield code="c">350.00</subfield>
  </datafield>
  <datafield tag="035" ind1=" " ind2=" ">
    <subfield code="a">PN-6838        B-577635-638</subfield>
  </datafield>
  <datafield tag="035" ind1=" " ind2=" ">
    <subfield code="a">B-669930</subfield>
  </datafield>
  <datafield tag="037" ind1=" " ind2=" ">
    <subfield code="b">DBAD / PUB</subfield>
  </datafield>
  <datafield tag="037" ind1=" " ind2=" ">
    <subfield code="b">BPPD/KKP</subfield>
  </datafield>
  <datafield tag="040" ind1=" " ind2=" ">
    <subfield code="a">dpl</subfield>
    <subfield code="b">pn</subfield>
  </datafield>
  <datafield tag="082" ind1=" " ind2=" ">
    <subfield code="a">&#xA13;</subfield>
  </datafield>
  <datafield tag="100" ind1=" " ind2=" ">
    <subfield code="a">&#xA38;&#xA39;&#xA3F;&#xA30;&#xA3E;&#xA08;,&#xA39;&#xA30;&#xA28;&#xA3E;&#xA2E; &#xA26;&#xA3E;&#xA38;</subfield>
  </datafield>
  <datafield tag="245" ind1=" " ind2=" ">
    <subfield code="a">&#xA28;&#xA3F;&#xA38;&#xA1A;&#xA48; &#xA15;&#xA30;&#xA3F; &#xA05;&#xA2A;&#xA28;&#xA40; &#xA1C;&#xA40;&#xA24; &#xA15;&#xA30;&#xA4B; /</subfield>
    <subfield code="c">&#xA39;&#xA30;&#xA28;&#xA3E;&#xA2E; &#xA26;&#xA3E;&#xA38; &#xA38;&#xA39;&#xA3F;&#xA30;&#xA3E;&#xA08;</subfield>
  </datafield>
  <datafield tag="246" ind1=" " ind2=" ">
    <subfield code="a">Nische kar apni jeet karo</subfield>
    <subfield code="b">by Harnam Dass Seharai</subfield>
  </datafield>
  <datafield tag="260" ind1=" " ind2=" ">
    <subfield code="a">Delhi</subfield>
    <subfield code="b">Arsee Publishers</subfield>
    <subfield code="c">2013</subfield>
  </datafield>
  <datafield tag="270" ind1=" " ind2=" ">
    <subfield code="b">Delhi</subfield>
    <subfield code="a">Chandni Chowk</subfield>
    <subfield code="k">011-65966481</subfield>
  </datafield>
  <datafield tag="300" ind1="4" ind2=" ">
    <subfield code="a">236p.</subfield>
    <subfield code="c">22&#xA38;&#xA47;&#xA02;&#xA2E;&#xA40; (&#xA38;&#xA1C;&#xA3F;&#xA32;&#xA71;&#xA26;)</subfield>
  </datafield>
  <datafield tag="942" ind1=" " ind2=" ">
    <subfield code="2">ddc</subfield>
    <subfield code="c">PN</subfield>
    <subfield code="h">&#xA13;</subfield>
    <subfield code="m">&#xA38;&#xA39;&#xA3F;&#xA30;&#xA3E;</subfield>
  </datafield>
  <datafield tag="999" ind1=" " ind2=" ">
    <subfield code="c">80867</subfield>
    <subfield code="d">80867</subfield>
  </datafield>
  <datafield tag="952" ind1=" " ind2=" ">
    <subfield code="0">0</subfield>
    <subfield code="1">0</subfield>
    <subfield code="2">ddc</subfield>
    <subfield code="4">0</subfield>
    <subfield code="7">0</subfield>
    <subfield code="8">FIC</subfield>
    <subfield code="a">DBAD</subfield>
    <subfield code="b">DBAD</subfield>
    <subfield code="d">2013-11-26</subfield>
    <subfield code="e">DBAD</subfield>
    <subfield code="g">350.00</subfield>
    <subfield code="l">0</subfield>
    <subfield code="o">&#xA13; &#xA38;&#xA39;&#xA3F;&#xA30;&#xA3E;</subfield>
    <subfield code="p">PN-6838</subfield>
    <subfield code="r">2013-11-26 00:00:00</subfield>
    <subfield code="t">1</subfield>
    <subfield code="v">350.00</subfield>
    <subfield code="w">2013-11-26</subfield>
    <subfield code="y">PN</subfield>
  </datafield>
  <datafield tag="952" ind1=" " ind2=" ">
    <subfield code="0">0</subfield>
    <subfield code="1">0</subfield>
    <subfield code="2">ddc</subfield>
    <subfield code="4">0</subfield>
    <subfield code="7">0</subfield>
    <subfield code="8">FIC</subfield>
    <subfield code="a">L</subfield>
    <subfield code="b">L</subfield>
    <subfield code="d">2015-03-18</subfield>
    <subfield code="e">BPPD/166/27-8-2014/BL-100/12-9-14/8-10-14</subfield>
    <subfield code="g">350.00</subfield>
    <subfield code="l">0</subfield>
    <subfield code="o">&#xA13; &#xA38;&#xA39;&#xA3F;&#xA30;&#xA3E;</subfield>
    <subfield code="p">B-577635</subfield>
    <subfield code="r">2015-03-18 00:00:00</subfield>
    <subfield code="t">1</subfield>
    <subfield code="v">350.00</subfield>
    <subfield code="w">2015-03-18</subfield>
    <subfield code="y">PN</subfield>
  </datafield>
  <datafield tag="952" ind1=" " ind2=" ">
    <subfield code="0">0</subfield>
    <subfield code="1">0</subfield>
    <subfield code="2">ddc</subfield>
    <subfield code="4">0</subfield>
    <subfield code="7">0</subfield>
    <subfield code="8">FIC</subfield>
    <subfield code="a">M</subfield>
    <subfield code="b">M</subfield>
    <subfield code="d">2015-03-18</subfield>
    <subfield code="e">BPPD/166/27-8-2014/BL-100/12-9-14/8-10-14</subfield>
    <subfield code="g">350.00</subfield>
    <subfield code="l">0</subfield>
    <subfield code="o">&#xA13; &#xA38;&#xA39;&#xA3F;&#xA30;&#xA3E;</subfield>
    <subfield code="p">B-577636</subfield>
    <subfield code="r">2015-03-18 00:00:00</subfield>
    <subfield code="t">1</subfield>
    <subfield code="v">350.00</subfield>
    <subfield code="y">PN</subfield>
  </datafield>
  <datafield tag="952" ind1=" " ind2=" ">
    <subfield code="0">0</subfield>
    <subfield code="1">0</subfield>
    <subfield code="2">ddc</subfield>
    <subfield code="4">0</subfield>
    <subfield code="7">0</subfield>
    <subfield code="8">FIC</subfield>
    <subfield code="a">BL1</subfield>
    <subfield code="b">BL1</subfield>
    <subfield code="d">2015-03-18</subfield>
    <subfield code="e">BPPD/166/27-8-2014/BL-100/12-9-14/8-10-14</subfield>
    <subfield code="g">350.00</subfield>
    <subfield code="l">0</subfield>
    <subfield code="o">&#xA13; &#xA38;&#xA39;&#xA3F;&#xA30;&#xA3E;</subfield>
    <subfield code="p">B-577637</subfield>
    <subfield code="r">2015-03-18 00:00:00</subfield>
    <subfield code="t">1</subfield>
    <subfield code="v">350.00</subfield>
    <subfield code="y">PN</subfield>
  </datafield>
  <datafield tag="952" ind1=" " ind2=" ">
    <subfield code="0">0</subfield>
    <subfield code="1">0</subfield>
    <subfield code="2">ddc</subfield>
    <subfield code="4">0</subfield>
    <subfield code="7">0</subfield>
    <subfield code="8">FIC</subfield>
    <subfield code="a">JP</subfield>
    <subfield code="b">JP</subfield>
    <subfield code="d">2015-03-18</subfield>
    <subfield code="e">BPPD/166/27-8-2014/BL-100/12-9-14/8-10-14</subfield>
    <subfield code="g">350.00</subfield>
    <subfield code="l">0</subfield>
    <subfield code="o">&#xA13; &#xA38;&#xA39;&#xA3F;&#xA30;&#xA3E;</subfield>
    <subfield code="p">B-577638</subfield>
    <subfield code="r">2018-06-29 00:00:00</subfield>
    <subfield code="t">1</subfield>
    <subfield code="v">350.00</subfield>
    <subfield code="y">PN</subfield>
  </datafield>
  <datafield tag="952" ind1=" " ind2=" ">
    <subfield code="0">0</subfield>
    <subfield code="1">0</subfield>
    <subfield code="2">ddc</subfield>
    <subfield code="4">0</subfield>
    <subfield code="7">0</subfield>
    <subfield code="8">FIC</subfield>
    <subfield code="a">AV</subfield>
    <subfield code="b">AV</subfield>
    <subfield code="d">2017-11-03</subfield>
    <subfield code="e">BPPD/PUN/2016-17/932/7-3-2017</subfield>
    <subfield code="g">350.00</subfield>
    <subfield code="l">0</subfield>
    <subfield code="o">&#xA13; &#xA38;&#xA39;&#xA3F;&#xA30;&#xA3E;</subfield>
    <subfield code="p">B-669930</subfield>
    <subfield code="r">2017-11-03 00:00:00</subfield>
    <subfield code="t">1</subfield>
    <subfield code="v">350.00</subfield>
    <subfield code="y">PN</subfield>
  </datafield>
</record>
